Do the Americas have a common History?: a critique of Bolton Theory

I tiakina i:
Ngā taipitopito rārangi puna kōrero
Kaituhi matua: Hanke, Lewis (Author)
Hōputu: Pukapuka
Reo:Ingarihi
I whakaputaina: Nueva York Alfred A. Knopf 1964
Putanga:1a. ed
Rangatū:Borzoi Book
Ngā marau:
Ngā Tūtohu: Tāpirihia he Tūtohu
Kāore He Tūtohu, Me noho koe te mea tuatahi ki te tūtohu i tēnei pūkete!

MARC

LEADER 00000cam a2200000 a 4500
001 UCE2567
003 CL-VaPUC
008 140710e19640000us |||||||||||||||||eng|d
082 0 4 |a 980  |b HAN  |2 21 
100 |a Hanke, Lewis  |e author  |9 575054 
245 1 0 |a Do the Americas have a common History?: a critique of Bolton Theory 
250 |a 1a. ed 
300 |a 269 p 
942 |c BK 
945 |d 20140710 11:54:00  |a dcastane 
260 |a Nueva York  |b Alfred A. Knopf  |c 1964 
650 0 |a Historia de América  |9 266076 
583 |a last modification  |c 20140710 11:54:00  |k Rodrigo Vera 
490 0 |a Borzoi Book 
999 |c 356157  |d 356155 
952 |0 0  |1 0  |3 erb  |4 0  |6 980_000000000000000_HAN_1964  |7 0  |8 A  |9 463321  |a BIBHIS  |b BIBHIS  |i 5088992  |o 980 HAN 1964  |p 5088992  |r 2025-01-20  |w 2019-11-23  |y BK  |z Catalogado en:20140710  |k HIS